000 00830nam a2200229Ia 4500
003 GCL
008 140319s9999 xx 000 0 ara d
020 _a9275423977
040 _aGCL /
_cGCL
082 0 4 _a621.194
_bا هـ
100 1 _aاحمد السعيد جادالمولى
245 1 0 _aهندسة المراجل البخارية /
_cاحمد السعيد جادالمولى
260 _aالقاهرة :
_bمكتبة دار المعرفة ،
_c2004
300 _a171 ص ؛
_c24 سم
650 0 4 _aالهندسة البخارية
650 0 4 _aالمراجل البخارية
650 0 4 _aالمراجل - مواصفات الامان
650 0 4 _aالمراجل - تصميم
650 0 4 _aالمراجل - مواسير مياه
650 0 4 _aالمراجل - ديناميكا حرارية
942 _2ddc
_cBK
999 _c45909
_d45909